000 00443nam a22001697a 4500
003 OSt
005 20260223121049.0
008 241102b |||||||| |||| 00| 0 eng d
020 _a9780323775861
040 _aSRHU
_bEnglish
_cSRHU
082 _223rd
_a616.0472076
245 _a Pain Medicine Board Review
_cWoodbury ,Anna.
250 _a2nd
260 _aPhildelphia
_bElsevier
_c2022
300 _axiii,204p
_c27cm
942 _2ddc
_cPT
_e2nd
999 _c19184
_d19184